000 00579nam a22001577a 4500
003 OSt
005 20151206154353.0
008 151206b xxu||||| |||| 00| 0 eng d
040 _cRUA
082 _aATM ទេព 1994 B190 Or.1
100 _94423
_aទេព ចាន់លី
245 _aសិក្សាលើការប្រើប្រាស់ឧបករណ៍ម៉ាស៊ីនកសិកម្មនៅតំបន់ស្រែតំបន់ស្រែអំពិល
260 _aPhnom Penh
_bRUA
_c1994
300 _a82p.
_bill.
_c29cm.
942 _2ddc
_cATM
999 _c4124
_d4124